Los Derechos humanos en el sistema interamericano: Recopilación de instrumentos básicos /
Збережено в:
| Автор: | |
|---|---|
| Співавтори: | , |
| Інші автори: | |
| Формат: | Текст |
| Опубліковано: |
San José:
IIDH
|
| Теги: |
Додати тег
Немає тегів, Будьте першим, хто поставить тег для цього запису!
|
MARC
| LEADER | 00000 a a2200000 04500 | ||
|---|---|---|---|
| 001 | 22417 | ||
| 003 | |||
| 040 | |||
| 090 | |a 152900 | ||
| 100 | |a Zovatto Garetto, Daniel | ||
| 110 | |a Instituto Interamericano de Derechos Humanos | ||
| 245 | |a Los Derechos humanos en el sistema interamericano: Recopilación de instrumentos básicos / |c Instituto Interamericano de Derechos Humanos | ||
| 260 | |a San José: |b IIDH | ||
| 300 | |a 357 p. |b **no definido** | ||
| 700 | |a comp. | ||
| 710 | |a IIDH | ||
| 999 | |c 9056 |d 9056 | ||
